00784nam a22002057a 4500003000500000005001700005008004100022010001000063011001000073035001000083040000900093100003000102245014900132260003800281300001800319502009900337650002500436650001500461710010200476CHAP20220329135359.0971013s1977 r 00010 d a35380 a36352 a40471 cCHAP00aPacheco Angeles, Mariano. aInforme del servicio social realizado en el Instituto Nacional Indigenista, Centro Coordinador de la Sierra Mazateca, Huautla de Jiménez, Oax. aMéxico, D.F. :bEl autor,c1977 a72 h.b: mapa aTesis (Médico Veterinario Zootecnista) -- UNAM. Facultad de Medicina Veterinaria y Zootecnia14aGanaderíaxOaxaca.14aMazatecos.0 aInstituto Nacional Indigenista. México. Centro Coordinador de la Sierra Mazateca, Huautla, Oax.